000 00342nam a2200145 4500
999 _c509329
_d509329
008 190501b ||||| |||| 00| 0 eng d
100 _aKothari, Rajni
_94993
245 _aAs nation builder
260 _c2018
300 _ap.29-33.
650 _aNation building
_94994
773 _aSeminar
906 _aGandhi, M.K.
942 _2ddc
_cAR